00369nam a2200145Ia 4500008004100000020001800041041000800059082001600067100001500083245006000098260002600158300000800184365001600192700001500208230718s9999 xx 000 0 und d a9789350291085 aeng a395.52bMEH aMehra S.K. aBusiness EtiquettebA Guide For The Indian Professional c2018bHarper Business a294 cRs.b350.00 aMehra S.K.